Central Library OPAC University of Rajshahi

ANALYTICAL INVESTIGATIONS ON SOME PROBLEMS OF TURBULENT AND MAGNETO-HYDRODYNAMIC TURBULENT FLOW / (Record no. 84153)

MARC details
000 -LEADER
fixed length control field 01024nam a2200253 a 4500
001 - CONTROL NUMBER
RUCL Control Number 84153
003 - CONTROL NUMBER IDENTIFIER
rucl marc code BD-RjUL
005 - DATE AND TIME OF LATEST TRANSACTION
control field 20241022164303.0
008 - FIXED-LENGTH DATA ELEMENTS--GENERAL INFORMATION
fixed length control field 241022s2017 bg a|||| m||| 00| 0 eng d
035 ## - SYSTEM CONTROL NUMBER
system control number (BD-RjUL)84153
040 ## - CATALOGING SOURCE
Original cataloging agency BD-RjUL
Language of cataloging eng
Transcribing agency BD-RjUL
Modifying agency BD-RjUL
041 ## - LANGUAGE CODE
Language code of Book eng
082 ## - DEWEY DECIMAL CLASSIFICATION NUMBER
DDC Edition number 23
Classification number 532.0527
Author mark and Year MAA 2017
100 ## - MAIN ENTRY--PERSONAL NAME
Personal name Malek, Abdul
9 (RLIN) 4780
245 10 - TITLE STATEMENT
Title ANALYTICAL INVESTIGATIONS ON SOME PROBLEMS OF TURBULENT AND MAGNETO-HYDRODYNAMIC TURBULENT FLOW /
Statement of responsibility, etc Abdul Malek
Name of Supervisor/Co-Supervisor Supervisor : Md. Abul Kalam Azad Co-Supervisor : Md. Abu Bkar PK.
260 ## - PUBLICATION, DISTRIBUTION, ETC. (IMPRINT)
Place of publication, distribution, etc Rajshahi :
Name of publisher, distributor, etc Department of Applied Mathematics,University of Rajshahi
Date of publication, distribution, etc 2017
300 ## - PHYSICAL DESCRIPTION
Pagination [3], x, 196 leaves :
Other physical details ill.;
Dimensions 29 cm.
502 ## - DISSERTATION NOTE
Dissertation note Thesis (Ph.D.) -- Department of Applied Mathematics,University of Rajshahi,2017
504 ## - BIBLIOGRAPHY, ETC. NOTE
Bibliography, etc Bibliography : Leaves 189-196
650 ## - SUBJECT ADDED ENTRY--TOPICAL TERM
Topical term or geographic name as entry element Turbulent flow
General subdivision Magneto-Hydrodynamic
9 (RLIN) 9960
700 ## - ADDED ENTRY--SUPERVISOR/CO-SUPERVISOR NAME
Personal name Azad, Md. Abul Kalam, Supervisor
9 (RLIN) 3784
Personal name PK. Md. Abu Bkar, Co-Supervisor
9 (RLIN) 13904
942 ## - ADDED ENTRY ELEMENTS (KOHA)
Source of classification or shelving scheme Dewey Decimal Classification
Koha item type Theses
Holdings
Source of classification or shelving scheme Damaged status Not for loan Collection code Permanent Location Current Location Shelving location Date of accession Source of acquisition Total Checkouts Full call number Barcode Date last seen Copy number Thesis
Dewey Decimal Classification   Not For Loan Theses Central Library, University of Rajshahi Central Library, University of Rajshahi Documentation Section 06/05/2019 Controller of Exam. R.U.   THE 532.0527 MAA 2017 D4302 22/10/2024 C-1 Theses